000 01353naa a22003137a 4500
001 BR8705301
003 BR-BrBNA
005 20250721154519.0
007 ta
008 250630b bl.|||m| |||| 00| 0 por d
040 _aBR-BrBNA
_bpor
_cBiblioteca Nacional de Agricultura
041 _a(Pt)
072 _aF01; F07
_b0150
_bG514
090 _aF01 BR8705301
100 1 _aParfitt, J.M.B.
100 1 _aCarriconde Filho, J.M.
111 1 _a14. Reuniao da Cultura do Arroz Irrigado
_cPelotas, RS (Brazil)
_d1-4 Oct 1985
245 1 _aProcedimento para instalacao da sistematizacao na lavoura de arroz irrigado no Rio Grande do Sul
246 1 _a[Procedure for establishment of systematic irrigated rice forming in Rio Grande do Sul]
246 1 _a[Annals of the 14. Meeting of Irrigated Rice]
500 _aAnais da 14. Reuniao da Cultura do Arroz Irrigado Pelotas, RS (Brasil): 1985. p. 179-183 [1 illus.; 2 ref.] (BR8705301-AMS)
773 0 _tAnais da 14. Reuniao da Cultura do Arroz Irrigado
_wF01 BR8705301
_gPelotas, RS (Brasil), 1985. p. 179-183
650 _aARROZ IRRIGADO
650 _aCULTIVO DO SOLO
650 _aRIO GRANDE DO SUL
490 _aDocumentos - Centro de Pesquisa Agropecuaria de Terras Baixas de Clima Temperado (Brazil)
_vno. 26
_xISSN 0101-9708
942 _cAMS
_2AGRIS
909 _a202506
_bLúcia
_c55
_dLúcia Elande
999 _c335268
_d335268